| 000 | 00711nas a2200241 4500 | ||
|---|---|---|---|
| 001 | BR0000490 | ||
| 003 | BR-BrBNA | ||
| 005 | 20231205101653.0 | ||
| 007 | ta | ||
| 008 | 230509b bl.|||p| |||| 00| 00por d | ||
| 040 |
_aBR-BrBNA _bpor _cBiblioteca Nacional de Agricultura |
||
| 041 | _a(Pt) | ||
| 072 | _aL73 | ||
| 100 | 1 | _aSantos, R.L. | |
| 245 | 1 | _aMorte celular por apoptose no testiculo 1 | |
| 650 | _aGado de Corte | ||
| 650 | _aTesticulo | ||
| 650 | _aEspermatogenese | ||
| 650 | _aDoenca Animal | ||
| 773 | 0 |
_tRevista Brasileira de Reproducao Animal (Brazil) _xISSN 0102-0803 _g(Oct-Dec 1999), v. 23(4) p. 486-499 _wBR0000490 |
|
| 909 |
_a202311 _bLúcia _c55 _dLúcia Elande |
||
| 942 |
_2AGRIS _n0 _cANA |
||
| 999 |
_c163161 _d163161 |
||